تخطي إلى المحتوى
Inicio
Centros participantes
Catálogo
Servicios
Contacto
تسجيل الدخول
English
Deutsch
Español
Français
Italiano
日本語
Nederlands
Português
Português (Brasil)
中文(简体)
中文(繁體)
Türkçe
עברית
Gaeilge
Cymraeg
Ελληνικά
Català
Euskara
Русский
Čeština
Suomi
Svenska
polski
Dansk
slovenščina
اللغة العربية
বাংলা
Galego
Tiếng Việt
Hrvatski
हिंदी
Հայերէն
Українська
Sámegiella
اللغة
كل الحقول
العنوان
المؤلف
الموضوع
رقم الاستدعاء
ردمك/تدمد
الوسم
ابحث
بحث متقدم
Empleo rural, Estado y polític...
استشهد بهذا
أرسل هذا بالبريد الإلكتروني
طباعة
تصدير التسجيلة
تصدير إلى RefWorks
تصدير إلى EndNoteWeb
تصدير إلى EndNote
أضف إلى المفضلة
رابط دائم
إضافة أول تقييم
Empleo rural, Estado y políticas públicas en Honduras /
محفوظ في:
التفاصيل البيبلوغرافية
المؤلف الرئيسي:
Aguilar, Reinelda
مؤلفون مشاركون:
CSUCA
,
UNAH
مؤلفون آخرون:
Vigil, Carlos Reyes Gómez, Melba
التنسيق:
نص
منشور في:
San José:
CSUCA
الوسوم:
إضافة وسم
لا توجد وسوم, كن أول من يضع وسما على هذه التسجيلة!
المقتنيات
الوصف
التعليقات
مواد مشابهة
عرض للأخصائي
MARC
LEADER
00000 a a2200000 04500
001
20318
003
040
090
|a
084400
100
|a
Aguilar, Reinelda
110
|a
CSUCA
245
|a
Empleo rural, Estado y políticas públicas en Honduras /
|c
CSUCA
260
|a
San José:
|b
CSUCA
300
|a
172 p.
700
|a
Vigil, Carlos
|a
Reyes Gómez, Melba
710
|a
UNAH
999
|c
11978
|d
11978
مواد مشابهة
Empleo rural, estado y políticas públicas en Honduras /
حسب: Aguilar, Reinelda
La participación del Banco Centroamericano de Integración Económica en el desarrollo del sector agropecuario de Centroamérica: Estado actual y nueva dirección para el futuro
Genocidio y migraciones recientes en Centroamérica
حسب: Ulloa Royo, Frank
Datos para la historia del sindicalismo y del movimiento obrero en Guatemala
حسب: Solórzano, Alfonso
Síntesis del desarrollo del movimiento sindical en el sector salud de Costa Rica
حسب: Valverde Abarca, José Gerardo